<?xml version="1.0" encoding="UTF-8"?>
<record
    xmlns:xsi="http://www.w3.org/2001/XMLSchema-instance"
    xsi:schemaLocation="http://www.loc.gov/MARC21/slim http://www.loc.gov/standards/marcxml/schema/MARC21slim.xsd"
    xmlns="http://www.loc.gov/MARC21/slim">

  <leader>00652nam a22002172  4500</leader>
  <controlfield tag="001">0000012413</controlfield>
  <controlfield tag="003">OSt</controlfield>
  <controlfield tag="005">20140825164442.0</controlfield>
  <controlfield tag="008">080605s1999    tnu      b    000 0 eng d</controlfield>
  <datafield tag="020" ind1=" " ind2=" ">
    <subfield code="a">0687075645</subfield>
  </datafield>
  <datafield tag="040" ind1=" " ind2=" ">
    <subfield code="a">PUL</subfield>
    <subfield code="c">PUL</subfield>
  </datafield>
  <datafield tag="050" ind1=" " ind2=" ">
    <subfield code="a">BX8349.L43</subfield>
    <subfield code="b">M88 1999</subfield>
  </datafield>
  <datafield tag="100" ind1="1" ind2=" ">
    <subfield code="a">Mutti, Fritz,</subfield>
    <subfield code="d">1938-.</subfield>
  </datafield>
  <datafield tag="245" ind1="1" ind2="0">
    <subfield code="a">Breath of new life :</subfield>
    <subfield code="b">eight marks of spiritual leadership /</subfield>
    <subfield code="c">Fritz Mutti.</subfield>
  </datafield>
  <datafield tag="260" ind1=" " ind2=" ">
    <subfield code="a">Nashville, TN :</subfield>
    <subfield code="b">Abingdon Press,</subfield>
    <subfield code="c">c1999.</subfield>
  </datafield>
  <datafield tag="300" ind1=" " ind2=" ">
    <subfield code="a">63   p. ;</subfield>
    <subfield code="c">22  cm.</subfield>
  </datafield>
  <datafield tag="504" ind1=" " ind2=" ">
    <subfield code="a">Includes bibliographical references (p. 61-63).</subfield>
  </datafield>
  <datafield tag="650" ind1=" " ind2="0">
    <subfield code="a">Christian leadership</subfield>
    <subfield code="x">Methodist Church.</subfield>
  </datafield>
  <datafield tag="908" ind1=" " ind2=" ">
    <subfield code="a">080605</subfield>
  </datafield>
  <datafield tag="942" ind1=" " ind2=" ">
    <subfield code="2">lcc</subfield>
    <subfield code="c">BK</subfield>
  </datafield>
  <datafield tag="999" ind1=" " ind2=" ">
    <subfield code="c">11870</subfield>
    <subfield code="d">11870</subfield>
  </datafield>
  <datafield tag="952" ind1=" " ind2=" ">
    <subfield code="0">0</subfield>
    <subfield code="1">0</subfield>
    <subfield code="2">lcc</subfield>
    <subfield code="4">0</subfield>
    <subfield code="7">0</subfield>
    <subfield code="a">PUEA</subfield>
    <subfield code="b">PUEA</subfield>
    <subfield code="d">2012-12-26</subfield>
    <subfield code="e">DON</subfield>
    <subfield code="l">0</subfield>
    <subfield code="o">BX8349.L43 M88 1999</subfield>
    <subfield code="p">020020014816</subfield>
    <subfield code="r">2012-12-26 00:00:00</subfield>
    <subfield code="w">2012-12-26</subfield>
    <subfield code="y">BK</subfield>
  </datafield>
</record>
